LIBRARY ONLINE CATALOGUE

Using multivariate statistics (Record no. 18276)

MARC details
000 -LEADER
fixed length control field 00548nam a22001817a 4500
008 - FIXED-LENGTH DATA ELEMENTS--GENERAL INFORMATION
fixed length control field 200316b xxu||||| |||| 00| 0 eng d
020 ## - INTERNATIONAL STANDARD BOOK NUMBER
International Standard Book Number 1292021317
040 ## - CATALOGING SOURCE
Original cataloging agency KABU
Transcribing agency KABU
050 ## - LIBRARY OF CONGRESS CALL NUMBER
Classification number QA278
Item number .T33 2014 c. 1
100 ## - MAIN ENTRY--PERSONAL NAME
Personal name Tabachnick, Barbara G.
245 ## - TITLE STATEMENT
Title Using multivariate statistics
Statement of responsibility, etc. Barbara G. Tabachnick, Linda S. Fidell
260 ## - PUBLICATION, DISTRIBUTION, ETC. (IMPRINT)
Place of publication, distribution, etc. England
Name of publisher, distributor, etc. Pearson Education Limited
Date of publication, distribution, etc. 2014
300 ## - PHYSICAL DESCRIPTION
Extent ii, 1056 p.
650 ## - SUBJECT ADDED ENTRY--TOPICAL TERM
Topical term or geographic name as entry element Multivariate analysis
650 ## - SUBJECT ADDED ENTRY--TOPICAL TERM
Topical term or geographic name as entry element Statistics
700 ## - ADDED ENTRY--PERSONAL NAME
Personal name Fidell, Linda S.
942 ## - ADDED ENTRY ELEMENTS (KOHA)
Source of classification or shelving scheme Library of Congress Classification
Koha item type General Collection
Classification part QA278
Holdings
Withdrawn status Lost status Source of classification or shelving scheme Not for loan Home library Current library Date acquired Cost, normal purchase price Total Checkouts Full call number Barcode Date last seen Copy number Price effective from Koha item type
    Library of Congress Classification   Kabarak, Main Campus Kabarak, Main Campus 16/03/2020 10860.00   QA278 .T33 2014 c. 1 028487 16/03/2020 c. 1 16/03/2020 General Collection
    Library of Congress Classification   Kabarak, Main Campus Kabarak, Main Campus 16/03/2020 10860.00   QA278 .T33 2014 c. 2 028488 16/03/2020 c. 2 16/03/2020 General Collection
    Library of Congress Classification   Kabarak, Main Campus Kabarak, Main Campus 16/03/2020 10860.00   QA278 .T33 2014 c. 3 028489 16/03/2020 c. 3 16/03/2020 General Collection